Developing Brazil Today: an interview with Celso Furtado. Start with the social, not the economic

Na minha lista:
Detalhes bibliográficos
Formato: Texto
Assuntos:
Tags: Adicionar Tag
Sem tags, seja o primeiro a adicionar uma tag!

MARC

LEADER 00000 a a2200000 04500
001 9984
003
040
245 |a Developing Brazil Today:   |b an interview with Celso Furtado. Start with the social, not the economic  
650 |a SITUACION ECONOMICA  
650 |a ASPECTOS SOCIALES  
650 |a ASPECTOS POLITICOS  
650 |a PARTICIPACION SOCIAL  
650 |a BRASIL  
773 |g volumen 36, número 5; páginas 43-44  
999 |c 24431  |d 24431